History Quiz

Random History or Typing Quiz

Who Did I Type? (US Presidents) Quiz Stats

 Plays Quiz Updated Sep 12, 2016

Challenge
Share
Tweet
Score 0/20 Timer 06:00
3 Plays Today
% Correct
Polk
91.2%
Ford
89.6%
Taft
89.2%
Bush
88.8%
Adams
72.3%
Nixon
71%
Obama
69.4%
Hoover
62.9%
Grant
60%
Tyler
57.2%
% Correct
Reagan
50.8%
Kennedy
49.5%
Monroe
49.3%
Truman
47.3%
van Buren
47.1%
Arthur
46.5%
Taylor
46%
Lincoln
42%
Cleveland
30.4%
Jefferson
29%

You're not logged in!

Compare scores with friends on all Sporcle quizzes.
Join for Free
OR
Log In

You Might Also Like...

Show Comments

Extras

Top Quizzes Today


Score Distribution

Your Account Isn't Verified!

In order to create a playlist on Sporcle, you need to verify the email address you used during registration. Go to your Sporcle Settings to finish the process.

Report this User

Report this user for behavior that violates our Community Guidelines.

Details: